[Event "HUN-chT2 Barcza 1819"]
[Site "Hungary"]
[Date "2019.01.27"]
[Round "6.1"]
[White "Nagy, Sandor I"]
[Black "Gal, Jozsef Istvan"]
[Result "0-1"]
[WhiteElo "2134"]
[BlackElo "2351"]
[PlyCount "66"]
[EventDate "2018.09.23"]
[EventType "team-tourn"]
[EventRounds "11"]
[EventCountry "HUN"]
[SourceTitle "CBM 189 Extra"]
[Source "ChessBase"]
[SourceDate "2019.06.03"]
[SourceVersion "1"]
[SourceVersionDate "2019.06.03"]
[SourceQuality "1"]
[WhiteTeam "Debrecen Sakkiskola"]
[BlackTeam "Hajduboszormeny"]
[WhiteTeamCountry "HUN"]
[BlackTeamCountry "HUN"]

1. e4 e5 2. Nf3 Nc6 3. Bc4 Bc5 4. c3 Nf6 5. d4 exd4 6. e5 d5 7. Be2 Ne4 8. cxd4 Bb6 9. 0-0 0-0 10. Be3 Bg4 11. Nbd2 f5 12. exf6 Qxf6 13. Nb3 Kh8 14. a4 a6 15. a5 Ba7 16. Nc5 Bxc5 17. dxc5 Rad8 18. Qc2 Bf5 19. Qc1 d4 20. Bf4 Rd5 21. Bxc7 d3 22. Bd1 d2 23. Qc4 Rxc5 24. Qa2 Be6 25. Qa4 Bc4 26. Bc2 Bxf1 27. Rxf1 Ng5 28. Nxg5 Rxg5 29. Qe4 Qg6 30. Qc4 Rxg2+ 31. Kh1 Rgxf2 32. Rg1 Qf7 33. Qh4 Qf3+ 0-1

[Event "HUN-chT2 Barcza 1819"]
[Site "Hungary"]
[Date "2018.12.02"]
[Round "5.1"]
[White "Becskei, Zoltan"]
[Black "Gal, Jozsef Istvan"]
[Result "1-0"]
[WhiteElo "2256"]
[BlackElo "2351"]
[PlyCount "91"]
[EventDate "2018.09.23"]
[EventType "team-tourn"]
[EventRounds "11"]
[EventCountry "HUN"]
[SourceTitle "CBM 189 Extra"]
[Source "ChessBase"]
[SourceDate "2019.06.03"]
[SourceVersion "1"]
[SourceVersionDate "2019.06.03"]
[SourceQuality "1"]
[WhiteTeam "Mezokovesd"]
[BlackTeam "Hajduboszormeny"]
[WhiteTeamCountry "HUN"]
[BlackTeamCountry "HUN"]

1. Nf3 d5 2. g3 Nf6 3. Bg2 c5 4. 0-0 Nc6 5. d4 e6 6. c4 dxc4 7. Na3 cxd4 8. Nxc4 Bc5 9. b3 0-0 10. Bb2 Rb8 11. Nce5 Nxe5 12. Nxe5 Qd6 13. Nc4 Qa6 14. Bxd4 Rd8 15. Be5 Rxd1 16. Rfxd1 b5 17. Rd8+ Bf8 18. Bxb8 bxc4 19. bxc4 Nd7 20. Bc7 f6 21. Rd1 Kf7 22. R8xd7+ Bxd7 23. Rxd7+ Kg6 24. Bf4 Qxa2 25. Be4+ f5 26. Bd3 Qa1+ 27. Kg2 Bc5 28. g4 Kf6 29. gxf5 g5 30. fxg6 hxg6 31. Bh6 e5 32. Rg7 Bf8 33. Rxg6+ Kf7 34. Be3 a5 35. Ra6 Qa3 36. Bg6+ Kg7 37. Be4 Bc5 38. Bh6+ Kf7 39. Bd5+ Ke7 40. Bg5+ Kd7 41. h4 Qc3 42. Rg6 a4 43. Rg7+ Kc8 44. Be6+ Kb8 45. Bd8 Bd6 46. Bb6 1-0

[Event "HUN-chT2 Barcza 1819"]
[Site "Hungary"]
[Date "2018.11.18"]
[Round "4.2"]
[White "Karolyfalvi, Zoltan"]
[Black "Gal, Jozsef Istvan"]
[Result "0-1"]
[WhiteElo "2128"]
[BlackElo "2351"]
[PlyCount "74"]
[EventDate "2018.09.23"]
[EventType "team-tourn"]
[EventRounds "11"]
[EventCountry "HUN"]
[SourceTitle "CBM 189 Extra"]
[Source "ChessBase"]
[SourceDate "2019.06.03"]
[SourceVersion "1"]
[SourceVersionDate "2019.06.03"]
[SourceQuality "1"]
[WhiteTeam "Kazincbarcika"]
[BlackTeam "Hajduboszormeny"]
[WhiteTeamCountry "HUN"]
[BlackTeamCountry "HUN"]

1. d4 d5 2. Nf3 Nf6 3. c4 e6 4. Nc3 c6 5. g3 dxc4 6. a4 Bb4 7. Bg2 0-0 8. 0-0 Nbd7 9. Qc2 Re8 10. Rd1 Qb6 11. e4 e5 12. d5 Ng4 13. Re1 Nc5 14. h3 Nb3 15. Rb1 Nf6 16. Be3 Nd4 17. Qd1 Nxf3+ 18. Qxf3 Qa6 19. Bg5 cxd5 20. Bxf6 Qxf6 21. Qxf6 gxf6 22. exd5 Bf5 23. Rbc1 Bd3 24. Red1 e4 25. Nb5 Red8 26. d6 Rac8 27. Nxa7 Ra8 28. Nb5 Rxa4 29. Nc3 Bxc3 30. Rxc3 Rb4 31. f3 e3 32. Rdxd3 cxd3 33. Rxd3 Rxb2 34. Kf1 Rf2+ 35. Kg1 Rd2 36. Rxe3 R8xd6 37. f4 Rb2 0-1

[Event "HUN-chT2 Barcza 1819"]
[Site "Hungary"]
[Date "2018.10.28"]
[Round "3.2"]
[White "Gal, Jozsef Istvan"]
[Black "Pal, Ferenc"]
[Result "1-0"]
[WhiteElo "2351"]
[BlackElo "1961"]
[PlyCount "61"]
[EventDate "2018.09.23"]
[EventType "team-tourn"]
[EventRounds "11"]
[EventCountry "HUN"]
[SourceTitle "CBM 189 Extra"]
[Source "ChessBase"]
[SourceDate "2019.06.03"]
[SourceVersion "1"]
[SourceVersionDate "2019.06.03"]
[SourceQuality "1"]
[WhiteTeam "Hajduboszormeny"]
[BlackTeam "Hajduszoboszlo"]
[WhiteTeamCountry "HUN"]
[BlackTeamCountry "HUN"]

1. e4 c5 2. Nf3 Nc6 3. d4 cxd4 4. Nxd4 e6 5. Nc3 Be7 6. Be3 a6 7. Bc4 Nf6 8. Bb3 0-0 9. Qe2 Na5 10. e5 Ne8 11. 0-0-0 Nxb3+ 12. Nxb3 Qc7 13. f4 d5 14. g4 b5 15. Bd4 Bd7 16. Qe3 Rb8 17. f5 b4 18. f6 gxf6 19. exf6 Bxf6 20. Bxf6 Nxf6 21. Qg5+ Kh8 22. Qxf6+ Kg8 23. Ne2 a5 24. Nf4 Qd8 25. Qh6 f6 26. Nh5 Rf7 27. Rhf1 a4 28. Rxf6 Qf8 29. Qg5+ Kh8 30. Rxf7 Qxf7 31. Qe5+ 1-0

[Event "HUN-chT2 Barcza 1718"]
[Site "Hungary"]
[Date "2018.03.04"]
[Round "9.1"]
[White "Borsavolgyi, Tamas"]
[Black "Gal, Jozsef Istvan"]
[Result "1/2-1/2"]
[WhiteElo "2202"]
[BlackElo "2366"]
[PlyCount "38"]
[EventDate "2017.09.24"]
[EventType "team-tourn"]
[EventRounds "11"]
[EventCountry "HUN"]
[SourceTitle "EXT 2021"]
[Source "ChessBase"]
[SourceDate "2020.10.23"]
[SourceVersion "1"]
[SourceVersionDate "2020.10.23"]
[SourceQuality "1"]
[WhiteTeam "Hajduszoboszlo"]
[BlackTeam "Hajduboszormeny"]
[WhiteTeamCountry "HUN"]
[BlackTeamCountry "HUN"]

1. Nf3 c5 2. c4 Nc6 3. Nc3 g6 4. e3 Nf6 5. a3 Bg7 6. Rb1 d5 7. cxd5 Nxd5 8. Qc2 Nxc3 9. bxc3 0-0 10. Be2 Qc7 11. 0-0 Na5 12. c4 Bf5 13. d3 Rad8 14. Nd2 Qd7 15. Ne4 b6 16. f3 Bxe4 17. dxe4 Qe6 18. f4 Qf6 19. Bd2 Nc6 1/2-1/2

[Event "HUN-chT2 Barcza 1718"]
[Site "Hungary"]
[Date "2018.01.28"]
[Round "7"]
[White "Kun, Gabor"]
[Black "Gal, Jozsef Istvan"]
[Result "1/2-1/2"]
[WhiteElo "2359"]
[BlackElo "2362"]
[PlyCount "111"]
[EventDate "2017.09.24"]
[EventType "team-tourn"]
[EventRounds "11"]
[EventCountry "HUN"]
[SourceTitle "EXT 2021"]
[Source "ChessBase"]
[SourceDate "2020.10.23"]
[SourceVersion "1"]
[SourceVersionDate "2020.10.23"]
[SourceQuality "1"]
[WhiteTeam "Lillafured DVTK II"]
[BlackTeam "Hajduboszormeny"]
[WhiteTeamCountry "HUN"]
[BlackTeamCountry "HUN"]

1. e4 e5 2. Nf3 Nc6 3. Bc4 Bc5 4. c3 Nf6 5. d4 exd4 6. e5 d5 7. Be2 d3 8. exf6 dxe2 9. Qxe2+ Kf8 10. Bg5 gxf6 11. Bh6+ Kg8 12. 0-0 Bg4 13. h3 Be6 14. Qb5 Bf8 15. Bxf8 Kxf8 16. Qxb7 Ne7 17. Nbd2 Rg8 18. Kh1 Kg7 19. Qb4 Rb8 20. Qc5 Rxb2 21. Rfb1 Rb6 22. a4 Qd7 23. a5 Rxb1+ 24. Rxb1 a6 25. Rb7 Nc6 26. Kh2 Rb8 27. Rxb8 Nxb8 28. Nd4 Qd6+ 29. Qxd6 cxd6 30. f4 f5 31. Nf1 Nd7 32. Ne3 Nc5 33. g4 fxg4 34. hxg4 Ne4 35. f5 Bc8 36. Nxd5 Bb7 37. f6+ Kg6 38. Nc7 Kxf6 39. Nc2 Nxc3 40. Nb4 d5 41. Ncxa6 Bxa6 42. Nxa6 Nb5 43. Nb4 Ke5 44. a6 Na7 45. Kg3 Ke4 46. Kf2 d4 47. Ke2 Kf4 48. Nc2 Nc6 49. Nb4 Na7 50. Nc2 Kxg4 51. Nxd4 Kf4 52. Kf2 Ke4 53. Ne2 Kd5 54. Kf3 Kc6 55. Kf4 Nb5 56. Kg5 1/2-1/2

[Event "HUN-chT2 Barcza 1718"]
[Site "Hungary"]
[Date "2017.10.08"]
[Round "2.1"]
[White "Gal, Jozsef Istvan"]
[Black "Becskei, Zoltan"]
[Result "1/2-1/2"]
[WhiteElo "2390"]
[BlackElo "2261"]
[PlyCount "67"]
[EventDate "2017.09.24"]
[EventType "team-tourn"]
[EventRounds "11"]
[EventCountry "HUN"]
[SourceTitle "EXT 2021"]
[Source "ChessBase"]
[SourceDate "2020.10.23"]
[SourceVersion "1"]
[SourceVersionDate "2020.10.23"]
[SourceQuality "1"]
[WhiteTeam "Hajduboszormeny"]
[BlackTeam "Mezokovesd"]
[WhiteTeamCountry "HUN"]
[BlackTeamCountry "HUN"]

1. d4 d5 2. c4 c6 3. Nf3 Nf6 4. cxd5 cxd5 5. Nc3 Nc6 6. Bf4 a6 7. e3 Bg4 8. h3 Bxf3 9. Qxf3 e6 10. Bd3 Bd6 11. 0-0 0-0 12. Rac1 h6 13. Rfd1 Qe7 14. Bb1 Rfd8 15. Na4 Bxf4 16. Qxf4 Qb4 17. b3 Rac8 18. Nc5 Nd7 19. a3 Qb6 20. b4 a5 21. b5 Nxc5 22. Rxc5 Na7 23. Rxc8 Nxc8 24. a4 Nd6 25. Bd3 Rc8 26. g4 Qd8 27. Qf3 Nc4 28. Qe2 Nb6 29. Ra1 Qe7 30. Qd2 Ra8 31. Qc3 Qd8 32. Kg2 g6 33. Qd2 Kg7 34. Qc3 1/2-1/2

[Event "HUN-chT2 Barcza 1617"]
[Site "Hungary"]
[Date "2017.03.12"]
[Round "10.2"]
[White "Gal, Jozsef Istvan"]
[Black "Hidegh, Gabor"]
[Result "1-0"]
[WhiteElo "2362"]
[BlackElo "2102"]
[PlyCount "99"]
[EventDate "2016.09.25"]
[EventType "team-tourn"]
[EventRounds "11"]
[EventCountry "HUN"]
[SourceTitle "EXT 2021"]
[Source "ChessBase"]
[SourceDate "2020.10.23"]
[SourceVersion "1"]
[SourceVersionDate "2020.10.23"]
[SourceQuality "1"]
[WhiteTeam "Hajduboszormeny"]
[BlackTeam "Bajnok Sakkiskola"]
[WhiteTeamCountry "HUN"]
[BlackTeamCountry "HUN"]

1. d4 Nf6 2. c4 c5 3. d5 b5 4. cxb5 a6 5. e3 g6 6. Nc3 Bg7 7. Nf3 d6 8. Qb3 axb5 9. Bxb5+ Bd7 10. 0-0 0-0 11. Re1 Bxb5 12. Nxb5 Nbd7 13. a4 Qb6 14. Bd2 c4 15. Qxc4 Rfc8 16. Qd4 Qxd4 17. exd4 Nxd5 18. b3 Nf8 19. Rac1 Ne6 20. Rxc8+ Rxc8 21. Rc1 Rb8 22. g3 h6 23. Kf1 g5 24. h3 f5 25. Be3 Kf7 26. Ke2 f4 27. Bd2 h5 28. Kd3 Kg6 29. Ba5 Rb7 30. Re1 Kf5 31. Kc4 Nf6 32. d5 Nc5 33. Nfd4+ Kg6 34. gxf4 gxf4 35. Rg1+ Kf7 36. Ne6 Nxe6 37. dxe6+ Kf8 38. Bc3 d5+ 39. Kc5 Rb8 40. Bxf6 Bxf6 41. Kxd5 Bh4 42. f3 Rc8 43. b4 Rc2 44. Nd4 Rd2 45. Rc1 Bf6 46. Rc4 Kg7 47. a5 Ra2 48. Nc6 Rd2+ 49. Ke4 Re2+ 50. Kf5 1-0

[Event "HUN-chT2 Barcza 1617"]
[Site "Hungary"]
[Date "2016.11.27"]
[Round "5.1"]
[White "Barabas, Tibor"]
[Black "Gal, Jozsef Istvan"]
[Result "0-1"]
[WhiteElo "2041"]
[BlackElo "2362"]
[PlyCount "68"]
[EventDate "2016.09.25"]
[EventType "team-tourn"]
[EventRounds "11"]
[EventCountry "HUN"]
[SourceTitle "EXT 2021"]
[Source "ChessBase"]
[SourceDate "2020.10.23"]
[SourceVersion "1"]
[SourceVersionDate "2020.10.23"]
[SourceQuality "1"]
[WhiteTeam "Mezokovesd"]
[BlackTeam "Hajduboszormeny"]
[WhiteTeamCountry "HUN"]
[BlackTeamCountry "HUN"]

1. e4 c6 2. d4 d5 3. exd5 cxd5 4. Bd3 Nc6 5. c3 Nf6 6. h3 g6 7. Nf3 Bg7 8. Be3 0-0 9. 0-0 Nd7 10. Nbd2 e5 11. dxe5 Ndxe5 12. Nxe5 Nxe5 13. Bb5 a6 14. Ba4 b5 15. Bb3 Nc4 16. Nxc4 dxc4 17. Qf3 Bf5 18. Bd1 Re8 19. Be2 Be4 20. Qg3 Be5 21. f4 Bf6 22. f5 Bh4 23. Qg4 h5 24. fxg6 hxg4 25. gxf7+ Kh7 26. fxe8Q Qxe8 27. Bxg4 Bxg2 28. Kxg2 Qxe3 29. Rf7+ Kg8 30. Rf3 Qd2+ 31. Kh1 Re8 32. Rg1 Kh8 33. Rf5 Re1 34. Rxe1 Bxe1 0-1

[Event "HUN-chT2 Barcza 1516"]
[Site "Hungary"]
[Date "2016.04.03"]
[Round "10.1"]
[White "Gal, Jozsef Istvan"]
[Black "Hando, Vilmos"]
[Result "1-0"]
[WhiteElo "2384"]
[BlackElo "2318"]
[PlyCount "69"]
[EventDate "2015.09.13"]
[EventType "team-tourn"]
[EventRounds "11"]
[EventCountry "HUN"]
[SourceTitle "EXT 2017"]
[Source "ChessBase"]
[SourceDate "2016.10.25"]
[SourceVersion "1"]
[SourceVersionDate "2016.10.25"]
[SourceQuality "1"]
[WhiteTeam "Hajduboszormeny"]
[BlackTeam "Kazincbarcika"]
[WhiteTeamCountry "HUN"]
[BlackTeamCountry "HUN"]

1. e4 g6 2. d4 Bg7 3. Nc3 d6 4. Be3 a6 5. a4 Nf6 6. h3 b6 7. Nf3 Bb7 8. Bd3 Nc6 9. d5 Nb4 10. Nd4 c6 11. dxc6 Nxc6 12. 0-0 Ne5 13. f4 Nxd3 14. cxd3 0-0 15. Nb3 Rb8 16. Qe2 Ba8 17. Qf2 Nd7 18. d4 Rc8 19. d5 Bxc3 20. bxc3 Rxc3 21. Nd4 Nc5 22. Qf3 e6 23. f5 exf5 24. Nxf5 f6 25. Qg4 Kh8 26. Bh6 Rf7 27. Nxd6 Rd7 28. e5 Bxd5 29. Rxf6 Rc2 30. Raf1 Ne6 31. Rxe6 Rxg2+ 32. Qxg2 Bxg2 33. Kxg2 Qa8+ 34. Kh2 Kg8 35. Re8+ 1-0

[Event "HUN-chT2 Barcza 1516"]
[Site "Hungary"]
[Date "2015.12.06"]
[Round "6.1"]
[White "Gal, Jozsef Istvan"]
[Black "Barva, Attila"]
[Result "1-0"]
[WhiteElo "2358"]
[BlackElo "2384"]
[PlyCount "81"]
[EventDate "2015.09.13"]
[EventType "team-tourn"]
[EventRounds "11"]
[EventCountry "HUN"]
[SourceTitle "CBM 170 Extra"]
[Source "ChessBase"]
[SourceDate "2016.02.25"]
[SourceVersion "1"]
[SourceVersionDate "2016.02.25"]
[SourceQuality "1"]
[WhiteTeam "Hajduboszormeny"]
[BlackTeam "Edeleny"]
[WhiteTeamCountry "HUN"]
[BlackTeamCountry "HUN"]

1. d4 Nf6 2. c4 c5 3. d5 b5 4. cxb5 a6 5. e3 e6 6. Nc3 Bb7 7. e4 c4 8. Bxc4 axb5 9. Bxb5 Bb4 10. Nge2 Nxe4 11. Qd4 Nxc3 12. bxc3 Be7 13. dxe6 0-0 14. exf7+ Rxf7 15. 0-0 Nc6 16. Qd5 Na5 17. Qd3 Rc8 18. Be3 Bc5 19. Bd4 Qg5 20. Qg3 Qh6 21. Bd3 Bd6 22. Be5 Rc5 23. f4 Be7 24. Rab1 d6 25. Bd4 Bh4 26. Qg4 Bc8 27. Qf3 Rcc7 28. Rb5 Bb7 29. Be4 Bxe4 30. Rb8+ Rf8 31. Rxf8+ Kxf8 32. Qxe4 Nc4 33. Rb1 Re7 34. Qf5+ Bf6 35. Rb8+ Kf7 36. Qd5+ Kg6 37. Qxc4 Qh4 38. Qd3+ Kh6 39. Rb1 Bxd4+ 40. cxd4 Qg4 41. Kf2 1-0

[Event "HUN-chT2 Barcza 1516"]
[Site "Hungary"]
[Date "2015.11.08"]
[Round "4.2"]
[White "Oros, Robert"]
[Black "Gal, Jozsef Istvan"]
[Result "0-1"]
[WhiteElo "2242"]
[BlackElo "2358"]
[PlyCount "84"]
[EventDate "2015.09.13"]
[EventType "team-tourn"]
[EventRounds "11"]
[EventCountry "HUN"]
[SourceTitle "CBM 170 Extra"]
[Source "ChessBase"]
[SourceDate "2016.02.25"]
[SourceVersion "1"]
[SourceVersionDate "2016.02.25"]
[SourceQuality "1"]
[WhiteTeam "Nyiregyhaza"]
[BlackTeam "Hajduboszormeny"]
[WhiteTeamCountry "HUN"]
[BlackTeamCountry "HUN"]

1. e4 c5 2. Nf3 Nc6 3. Bb5 g6 4. 0-0 Bg7 5. Re1 e5 6. d3 Nge7 7. Bxc6 Nxc6 8. Nc3 0-0 9. Nd5 d6 10. a3 Be6 11. c4 h6 12. b4 f5 13. Rb1 b6 14. b5 Ne7 15. a4 g5 16. Nxe7+ Qxe7 17. Nd2 g4 18. exf5 Rxf5 19. Ne4 Qh4 20. Ng3 Rf7 21. Be3 Rd8 22. Qe2 Bc8 23. a5 d5 24. axb6 axb6 25. Bd2 Bb7 26. cxd5 Bxd5 27. Bc3 Rdf8 28. Rb2 Re7 29. Qd1 Qg5 30. Rbe2 Rfe8 31. Ne4 Qg6 32. Qc1 Kh7 33. Qe3 Re6 34. Ra1 R8e7 35. Ree1 Qe8 36. Reb1 Rg6 37. Bd2 Rf7 38. Nc3 Bb7 39. Ne4 Qd8 40. Bc3 Qd5 41. Ra4 Rd7 42. h3 Qxd3 0-1

[Event "HUN-chT2 Barcza 1516"]
[Site "Hungary"]
[Date "2015.09.13"]
[Round "1.1"]
[White "Gal, Jozsef Istvan"]
[Black "Szurovszky, Elek"]
[Result "1/2-1/2"]
[WhiteElo "2358"]
[BlackElo "2110"]
[PlyCount "65"]
[EventDate "2015.09.13"]
[EventType "team-tourn"]
[EventRounds "11"]
[EventCountry "HUN"]
[SourceTitle "CBM 170 Extra"]
[Source "ChessBase"]
[SourceDate "2016.02.25"]
[SourceVersion "1"]
[SourceVersionDate "2016.02.25"]
[SourceQuality "1"]
[WhiteTeam "Hajduboszormeny"]
[BlackTeam "Miskolc KisBocsok"]
[WhiteTeamCountry "HUN"]
[BlackTeamCountry "HUN"]

1. d4 Nf6 2. Nf3 b6 3. g3 Bb7 4. Bg2 e6 5. 0-0 Be7 6. c4 0-0 7. Nc3 Ne4 8. Qc2 Nxc3 9. Qxc3 f5 10. Rd1 Bf6 11. b4 c5 12. Ba3 cxd4 13. Nxd4 Bxg2 14. Kxg2 Nc6 15. e3 Nxd4 16. exd4 Rc8 17. Rac1 f4 18. Rd3 Qc7 19. b5 Rf7 20. Qe1 Qb7+ 21. Kg1 a6 22. d5 fxg3 23. hxg3 e5 24. bxa6 Qxa6 25. Qe4 Qa4 26. Rb3 g6 27. Rcc3 Bg7 28. Kg2 Bf8 29. Bxf8 Rcxf8 30. Rc2 Rxf2+ 31. Rxf2 Rxf2+ 32. Kxf2 Qxa2+ 33. Kg1 1/2-1/2

[Event "HUN-chT2 Maroczy 1415"]
[Site "Hungary"]
[Date "2015.03.01"]
[Round "7"]
[White "Soos, Arpad"]
[Black "Gal, Jozsef Istvan"]
[Result "1-0"]
[WhiteElo "2378"]
[BlackElo "2376"]
[PlyCount "49"]
[EventDate "2014.10.12"]
[EventType "team-tourn"]
[EventRounds "9"]
[EventCountry "HUN"]
[SourceTitle "EXT 2016"]
[Source "ChessBase"]
[SourceDate "2015.10.08"]
[SourceVersion "1"]
[SourceVersionDate "2015.10.08"]
[SourceQuality "1"]
[WhiteTeam "TLSE"]
[BlackTeam "Hajduboszormeny"]
[WhiteTeamCountry "HUN"]
[BlackTeamCountry "HUN"]

1. e4 c5 2. Nf3 d6 3. d4 cxd4 4. Nxd4 Nf6 5. Nc3 Nc6 6. Be3 Ng4 7. Bg5 h6 8. Bh4 g5 9. Bg3 Bg7 10. Nb3 Be6 11. Qd2 Rc8 12. f3 Nge5 13. Nd5 Ng6 14. 0-0-0 a5 15. a4 0-0 16. Kb1 Bxd5 17. exd5 Nb4 18. c3 Qd7 19. cxb4 Qxa4 20. Nxa5 b6 21. Nc4 Ra8 22. Na3 Bxb2 23. Bb5 Qb3 24. Qxb2 Rxa3 25. Rd3 1-0

[Event "HUN-chT2 Maroczy 1415"]
[Site "Hungary"]
[Date "2014.12.14"]
[Round "4"]
[White "Istvanovszky, Kalman"]
[Black "Gal, Jozsef Istvan"]
[Result "1-0"]
[WhiteElo "2300"]
[BlackElo "2370"]
[PlyCount "97"]
[EventDate "2014.10.12"]
[EventType "team-tourn"]
[EventRounds "9"]
[EventCountry "HUN"]
[SourceTitle "EXT 2016"]
[Source "ChessBase"]
[SourceDate "2015.10.08"]
[SourceVersion "1"]
[SourceVersionDate "2015.10.08"]
[SourceQuality "1"]
[WhiteTeam "Penzugyor II"]
[BlackTeam "Hajduboszormeny"]
[WhiteTeamCountry "HUN"]
[BlackTeamCountry "HUN"]

1. c4 e5 2. Nc3 Bb4 3. g3 Bxc3 4. bxc3 c5 5. Bg2 Nc6 6. d3 d6 7. Rb1 Qc7 8. Nh3 Nge7 9. 0-0 h5 10. f4 f6 11. e3 Bd7 12. Nf2 0-0-0 13. Ne4 Na5 14. d4 Be6 15. fxe5 fxe5 16. d5 Bf5 17. Rxf5 Nxf5 18. Bh3 g6 19. Ng5 e4 20. Ne6 Qd7 21. Qc2 Rde8 22. Qxe4 Kb8 23. Rb5 b6 24. Qb1 Nb7 25. a4 Ka8 26. a5 Nxa5 27. e4 Ng7 28. e5 Nb7 29. Nf4 Qd8 30. Nxg6 Rxe5 31. Nxe5 dxe5 32. Qg6 Ne8 33. Bg5 Qc7 34. Rb1 Qh7 35. Qxh7 Rxh7 36. Re1 Ned6 37. Rxe5 Na5 38. Bf4 Naxc4 39. Re6 Rd7 40. Rg6 Rd8 41. Bg5 Re8 42. Bd7 Re4 43. Bc6+ Kb8 44. Rg8+ Kc7 45. Bd8+ Kb8 46. Bxb6+ Nc8 47. Bxc5 Kc7 48. Rg7+ Kd8 49. Rd7+ 1-0

[Event "HUN-chT2 Maroczy 1415"]
[Site "Hungary"]
[Date "2014.11.16"]
[Round "2"]
[White "Gal, Jozsef Istvan"]
[Black "Farkas, Richard"]
[Result "1/2-1/2"]
[WhiteElo "2370"]
[BlackElo "2296"]
[PlyCount "47"]
[EventDate "2014.10.12"]
[EventType "team-tourn"]
[EventRounds "9"]
[EventCountry "HUN"]
[SourceTitle "EXT 2016"]
[Source "ChessBase"]
[SourceDate "2015.10.08"]
[SourceVersion "1"]
[SourceVersionDate "2015.10.08"]
[SourceQuality "1"]
[WhiteTeam "Hajduboszormeny"]
[BlackTeam "Kobanya Aquarena"]
[WhiteTeamCountry "HUN"]
[BlackTeamCountry "HUN"]

1. e4 e6 2. d4 d5 3. Nc3 Bb4 4. e5 c5 5. Qg4 Ne7 6. dxc5 Nbc6 7. Nf3 0-0 8. Bd3 Ng6 9. 0-0 f5 10. exf6 Qxf6 11. Bxg6 Qxg6 12. Qxg6 hxg6 13. Na4 e5 14. c3 Ba5 15. b4 Bc7 16. Rd1 e4 17. Nd4 Bg4 18. Re1 Ne5 19. Nb2 a6 20. a4 Rf7 21. h3 Bd7 22. Be3 Raf8 23. Red1 g5 24. g4 1/2-1/2

[Event "HUN-chT2 Maroczy 1314"]
[Site "Hungary"]
[Date "2014.02.02"]
[Round "6"]
[White "Kanyadi, Zoltan"]
[Black "Gal, Jozsef Istvan"]
[Result "1-0"]
[WhiteElo "2142"]
[BlackElo "2369"]
[PlyCount "129"]
[EventDate "2013.09.08"]
[EventType "team-tourn"]
[EventRounds "11"]
[EventCountry "HUN"]
[SourceTitle "EXT 2016"]
[Source "ChessBase"]
[SourceDate "2015.10.08"]
[SourceVersion "1"]
[SourceVersionDate "2015.10.08"]
[SourceQuality "1"]
[WhiteTeam "Debrecen SBK"]
[BlackTeam "Hajduboszormeny"]
[WhiteTeamCountry "HUN"]
[BlackTeamCountry "HUN"]

1. e4 c5 2. Nf3 d6 3. d4 cxd4 4. Nxd4 Nf6 5. Nc3 g6 6. Be3 Bg7 7. f3 Nc6 8. Qd2 0-0 9. Bc4 a5 10. a4 Nxd4 11. Bxd4 Be6 12. Bxe6 fxe6 13. 0-0-0 Nd7 14. Bxg7 Kxg7 15. h4 Qb6 16. h5 Rf6 17. f4 Raf8 18. g3 Nc5 19. hxg6 Rxg6 20. Qh2 h6 21. g4 Rh8 22. e5 d5 23. f5 Rg5 24. Qf4 Qb4 25. Rd4 Qb6 26. Rxh6 Kxh6 27. Rd1 exf5 28. Rh1+ Kg6 29. gxf5+ Rxf5 30. Rg1+ Kf7 31. Qxf5+ Ke8 32. Qc8+ Kf7 33. Rf1+ Kg7 34. Rg1+ Kf7 35. e6+ Nxe6 36. Rf1+ Kg7 37. Qd7 Qd6 38. Qxb7 Rh5 39. Qa8 Qc5 40. Qe8 Nf4 41. Kb1 Ng6 42. Qf7+ Kh6 43. Qe6 Re5 44. Qh3+ Kg7 45. Qf3 Qd4 46. Qf7+ Kh6 47. Rh1+ Kg5 48. Qg8 Kf6 49. Rd1 Qf2 50. Nxd5+ Kg5 51. Nc3 Re1 52. Qd5+ Kh6 53. Qxa5 Rxd1+ 54. Nxd1 Qf1 55. Qd2+ Nf4 56. Ka2 e5 57. Ne3 Qh3 58. Qd6+ Ng6 59. Qb6 Qd7 60. a5 Kg5 61. b3 Nf4 62. a6 Ne2 63. a7 Qd2 64. a8Q Nc1+ 65. Kb1 1-0

[Event "HUN-chT2 Barcza 1213"]
[Site "Hungary"]
[Date "2012.11.04"]
[Round "3.1"]
[White "Zabiak, Jozsef"]
[Black "Gal, Jozsef Istvan"]
[Result "1/2-1/2"]
[WhiteElo "2194"]
[BlackElo "2333"]
[PlyCount "91"]
[EventDate "2012.09.16"]
[EventType "team-tourn"]
[EventRounds "11"]
[EventCountry "HUN"]
[SourceTitle "EXT 2014"]
[Source "ChessBase"]
[SourceDate "2013.11.20"]
[SourceVersion "1"]
[SourceVersionDate "2013.11.20"]
[SourceQuality "1"]
[WhiteTeam "Sajoszentpeter"]
[BlackTeam "Hajduboszormeny"]
[WhiteTeamCountry "HUN"]
[BlackTeamCountry "HUN"]

1. e4 c5 2. Bc4 Nc6 3. Nf3 g6 4. c3 Bg7 5. 0-0 Qb6 6. Re1 e5 7. Ng5 Nd8 8. d3 Ne7 9. Nd2 0-0 10. Qb3 Qc7 11. Nf1 Ne6 12. Be3 b6 13. Rac1 Bb7 14. d4 exd4 15. cxd4 Nxd4 16. Bxf7+ Kh8 17. Bxd4 Bxd4 18. Nf3 Bg7 19. Bd5 Nxd5 20. exd5 Qf4 21. Rc2 Rae8 22. Rce2 Rxe2 23. Rxe2 Ba6 24. Rd2 g5 25. Qe3 g4 26. Qxf4 Rxf4 27. Ne1 Bd4 28. g3 Rf5 29. Nc2 Be5 30. Nce3 Rg5 31. Kg2 h5 32. h3 Bb7 33. hxg4 hxg4 34. Nh2 Bd4 35. Nhxg4 Bxd5+ 36. Nxd5 Rxd5 37. f4 b5 38. Kf3 Kg7 39. Ne3 Rh5 40. Kg4 Kg6 41. Nc2 Bf6 42. Rxd7 Rh2 43. Ne3 Rxb2 44. Rd6 Kf7 45. Kf5 Be7 46. Rd7 1/2-1/2

[Event "HUN-chT2 Barcza 1112 "]
[Site "Hungary"]
[Date "2012.04.22"]
[Round "9"]
[White "Molnar, Peter"]
[Black "Gal, Jozsef Istvan"]
[Result "1/2-1/2"]
[WhiteElo "2294"]
[BlackElo "2335"]
[PlyCount "34"]
[EventDate "2011.09.25"]
[EventType "team-tourn"]
[EventRounds "11"]
[EventCountry "HUN"]
[SourceTitle "EXT 2013"]
[Source "ChessBase"]
[SourceDate "2012.11.22"]
[SourceVersion "1"]
[SourceVersionDate "2012.11.22"]
[SourceQuality "1"]
[WhiteTeam "Edeleny"]
[BlackTeam "Hajduboszormeny"]
[WhiteTeamCountry "HUN"]
[BlackTeamCountry "HUN"]

1. Nf3 d5 2. d4 Nf6 3. c4 c6 4. Nc3 a6 5. a4 Bf5 6. Qb3 Ra7 7. Bg5 dxc4 8. Qxc4 Nbd7 9. e3 Qb6 10. Qa2 e6 11. Be2 Ne4 12. Nxe4 Bxe4 13. 0-0 Bb4 14. a5 Qc7 15. Bf4 Bd6 16. Bxd6 Qxd6 17. Nd2 Bd5 1/2-1/2